LEADER 01088nam0-2200373---450- 001 990008341250403321 005 20060608124607.0 010 $a0-8176-4388-5 035 $a000834125 035 $aFED01000834125 035 $a(Aleph)000834125FED01 035 $a000834125 100 $a20060608d2006----km-y0itay50------ba 101 0 $aeng 102 $aUS 105 $aa---a---001yy 200 1 $aDifferential geometry and analysis on CR manifolds$fS. Dragomir, G. Tomassini 210 $aBoston$cBirkhauser$dc2006 215 $axiv, 487 p.$d24 cm 225 1 $aProgress in mathematics$v246 610 0 $aEquazioni differenziali 610 0 $aGeometria differenziale globale 676 $a516.36$v21$zita 700 1$aDragomir,$bSorin$0439634 701 1$aTomassini,$bGiuseppe$c$0344653 801 0$aIT$bUNINA$gRICA$2UNIMARC 901 $aBK 912 $a990008341250403321 952 $aC-3-(246$b21564$fMA1 959 $aMA1 962 $a35-XX 962 $a53-XX 996 $aDifferential geometry and analysis on CR manifolds$9720989 997 $aUNINA LEADER 01102nam--2200361---450- 001 990003183370203316 005 20081215130947.0 010 $a978-88-430-4714-7 035 $a000318337 035 $aUSA01000318337 035 $a(ALEPH)000318337USA01 035 $a000318337 100 $a20081215h2008----km-y0itay50------ba 101 $aita 102 $aIT 105 $a||||||||001yy 200 1 $a<> marketing della moda e del lusso$fRomano Cappellari 210 $aRoma$cCarocci$d2008 215 $a126 p.$d20 cm 225 2 $a<> bussole$iScienze della comunicazione$v330 410 0$12001$a<> bussole$iScienze della comunicazione 606 0 $aAbbigliamento [e] Moda$xMarketing$2BNCF 676 $a391.00688 700 1$aCAPPELLARI,$bRomano$0150288 801 0$aIT$bsalbc$gISBD 912 $a990003183370203316 951 $aII.5. 6181$b213547 L.M.$cII.5.$d00183723 959 $aBK 969 $aUMA 979 $aPAOLA$b90$c20081215$lUSA01$h1307 979 $aPAOLA$b90$c20081215$lUSA01$h1309 996 $aMarketing della moda e del lusso$91014340 997 $aUNISA